000 00734nam a2200229 i 4500
001 133528
003 ES-MaACL
005 20250708022646.0
007 t|
008 070820s1998 fr |||| | fre d
020 _a2-258-05062-6
080 _a784(44)
245 0 0 _aMémoire de la chanson
_b: 1100 chansons du Moyen-Age áa 1919 /
_créunies par Martin Pénet ; avec la collaboration de Claire Gausse.
260 _aParis :
_bOmnibus,
_c[1998]
300 _a1385 p. ;
_c20 cm.
500 _aÍndices.
650 1 4 _aCanciones francesas
_910727
700 1 _aPénet, Martin.
_990168
700 1 _aGausse, Claire.
_956027
852 _aES-MaACL
_jE-11975
_z. - Biblioteca Jacinto Martínez Lacalle
999 _c133528
_d133528